000 01674nam a2200229Ia 4500
003 Ost
005 20260416102357.0
008 260416s9999||||xx |||||||||||||| ||und||
040 _cfsecg
041 _aara
082 _a338.6048
100 _aجليد، ياسين
_eمؤلف
245 0 _aمحاضرات في التنافسية والخيارات الإستراتيجية :
_bمطبوعة موجهةلطلبة السنة الأولى ماستر في علوم التسيير : تخصص إدارة أعمال /
_c ياسين جليد
260 _aالجزائر
_bجامعة الجزائر3: كلية العلوم الإقتصادية، العلوم التجارية وعلوم التسيير
_c2021
300 _a111 ورقة
_bايضاحات
_c30 سم
504 _aمراجع ص.108 فهارس
520 _aالأبعاد النظرية للمنافسة و التنافسية ، الاستراتيجية كمدخل لتحقيق الميزة التنافسية ، مراحل صياغة الاستراتيجية التنافسية، أنواع الاستراتيجيات التنافسية، معايير اختيار الاستراتيجية، مراحل تنفيذ الاستراتيجية التنافسية، مقاربة الموارد و الكفاءات و تحقيق الميزة التنافسية، منهجية دراسة الحالة في الادارة الاستراتيجية
653 _aالاستراتيجية التنافسية
653 _aالمنافسة
710 _aجامعة الجزائر3: كلية العلوم الإقتصادية، العلوم التجارية وعلوم التسيير
_eناشر علمي
942 _cHANDOUT
999 _c41254
_d41254